Geometry Dash RobTop Levels - Statistics

General Stats
  • This quiz has been taken 120 times
  • The average score is 19 of 23
Answer Stats
Hint Answer % Correct
Easy Stereo Madness
100%
Easy Back On Track
95%
Harder Jumper
91%
Normal Polargeist
90%
Hard Can't Let Go
89%
Hard Base After Base
88%
Normal Dry Out
88%
Harder Time Machine
88%
Demon Clubstep
86%
Insane Xstep
85%
Harder Cycles
84%
Insane Theory Of Everything
84%
Insane Clutterfunk
82%
Insane Dash
81%
Insane Electroman Adventures
81%
Demon Deadlocked
79%
Insane Fingerdash
79%
Harder Geometrical Dominator
77%
Demon Theory Of Everything 2
77%
Insane Electrodynamix
75%
Insane Hexagon Force
75%
Harder Blast Processing
71%
2.2 Added Feature The Towers
7%
No matching quizzes found
Score Distribution
Percent of People with Each Score
Percentile by Number Answered
Your Score History
You have not taken this quiz